LEADER 01234nam2-2200373---450- 001 990002799790203316 005 20060823130351.0 035 $a000279979 035 $aUSA01000279979 035 $a(ALEPH)000279979USA01 035 $a000279979 100 $a20060823d1984----km-y0itay50------ba 101 $afre 102 $aFR 105 $aa---||||001yy 200 1 $aDatation-caracterisation des ceramiques anciennes$eBordeaux-Talence, 6-18 avril 1981$ecours intensif europeen$fedite par Tony Hackens et Max Schvoerer 210 $aParis$cCNRS$d1984 215 $a433 p.$cill.$d27 cm 300 $aCours postgradue europeen 1. Universite de Bordeaux 3. Universite de Bordeaux 1. Maison des sciences de l' homme d' Aquitaine 410 0$12001 454 1$12001 461 1$1001000279978$12001 606 0 $aCeramica$xDatazione$xCongressi 702 1$aHACKENS,$bTony 702 1$aSCHVOERER,$bMax 801 0$aIT$bsalbc$gISBD 912 $a990002799790203316 951 $aI MT HAC 1$b1599 DBC$cI MT 959 $aBK 969 $aDBC 979 $aDBC$b90$c20060823$lUSA01$h1303 979 $aDBC$b90$c20060823$lUSA01$h1303 996 $aDatation-caracterisation des ceramiques anciennes$9995380 997 $aUNISA